000 00276nam a22001217a 4500
082 _a823
_bFRA/D
100 _aFRANK,ANNE
245 _aTHE DIARY OF A YOUNG GIRL
260 _aNEW DELHI
_bAVICHAL PUBLISHING COMPANY
300 _a430
650 _aDIARY
_zNEW DELHI
942 _cBK
999 _c5088
_d5088